000 00671nam a22002537a 4500
001 35121
003 UA-OsUOA
005 20210727112013.0
007 ta
008 20051108b un ||||| |||| 00| 0 ukr d
020 _a966702413Х
040 _aUA-OsUOA
_bukr
_cUA-OsUOA
_dUA-OsUOA
041 _aukr
080 _a34
090 _a34
_bЗ-19
245 _aЗакони України
_cгол. ред. В. Ф. Опришко
260 _aК.
_c1997
300 _a334 с.
505 _gТ. 10
650 7 _2UDC
_a34 Право. Юриспруденція
942 _cBK
_2udc
955 _a7
999 _c308616
_d308616